Phương pháp nghiên cứu khoa học giáo dục Tài liệu đào tạo giáo viên Tiểu học (Trình độ Cao đẳng và Đại học sư phạm)
Khoa học và phân loại khoa học. Nghiên cứu khoa học. Cơ sở, phương pháp, lôgic tiến hành một công trình nghiên cứu khoa học giáo dục. Vấn đề đánh giá một công trình nghiên cứu khoa học giáo dục
Guardado en:
| Autor principal: | |
|---|---|
| Otros Autores: | |
| Formato: | Libro |
| Lenguaje: | Vietnamese |
| Publicado: |
H.
Giáo dục
2006
|
| Materias: | |
| Etiquetas: |
Agregar Etiqueta
Sin Etiquetas, Sea el primero en etiquetar este registro!
|
| Thư viện lưu trữ: | Mạng thư viện Đại học Đà Nẵng |
|---|
| LEADER | 01449nam a22003618a 4500 | ||
|---|---|---|---|
| 001 | 000006572 | ||
| 003 | 2730 | ||
| 005 | 20120524090549.0 | ||
| 008 | 110914s2006 b 000 0 vieod | ||
| 020 | |c 145 |d 4000b | ||
| 041 | 0 | |a vie | |
| 041 | 0 | |a 0008 | |
| 080 | |a 371(075.3) | ||
| 082 | |a 370.7 |b MA-L | ||
| 084 | |a U31z73 |b PH561P | ||
| 100 | 1 | |a Mai Ngọc Luông | |
| 245 | 1 | 0 | |a Phương pháp nghiên cứu khoa học giáo dục |b Tài liệu đào tạo giáo viên Tiểu học (Trình độ Cao đẳng và Đại học sư phạm) |c Mai Ngọc Luông |
| 260 | |a H. |b Giáo dục |c 2006 | ||
| 300 | |a 84tr |c 29cm | ||
| 520 | |a Khoa học và phân loại khoa học. Nghiên cứu khoa học. Cơ sở, phương pháp, lôgic tiến hành một công trình nghiên cứu khoa học giáo dục. Vấn đề đánh giá một công trình nghiên cứu khoa học giáo dục | ||
| 653 | |a Khoa học giáo dục | ||
| 653 | |a Phương pháp nghiên cứu | ||
| 700 | |a Lý Minh Tiên | ||
| OWN | |a LSP | ||
| AVA | |a UDN50 |b LSP |d 370.7 MA-L |e check_holdings |t Error 5003 Not defined in file expand_doc_bib_avail. |h N |k 1 | ||
| 999 | |a From the UDN01 | ||
| AVA | |a UDN50 |b LSP |d 370.7 MA-L |e available |t Error 5001 Not defined in file expand_doc_bib_avail. |f 145 |g 5 |h N |i 94 |k 1 | ||
| TYP | |a Monograph | ||
| TYP | |a Printed language | ||
| 980 | |a Mạng thư viện Đại học Đà Nẵng | ||